Chiến thắng 75 tiểu đoàn Ngụy và phá khu trù mật Vị Thanh - Hỏa Lựu

Nội dung sách giới thiệu các bài viết của các cựu chiến binh, lão thành cách mạng về Chiến thắng 75 tiểu đoàn Ngụy và phá khu trù mật Vị Thanh - Hỏa Lựu của quân và dân Cần Thơ - Hậu Giang trong thời kì kháng chiến chống Mỹ....

Celý popis

Uloženo v:
Podrobná bibliografie
Médium: Kniha
Jazyk:Undetermined
Vydáno: Hậu Giang Ban chỉ đạo và tổ chức các ngày lễ lớn tỉnh Hậu Giang 1990
Témata:
Tagy: Přidat tag
Žádné tagy, Buďte první, kdo otaguje tento záznam!
Thư viện lưu trữ: Trung tâm Học liệu Trường Đại học Cần Thơ
LEADER 01016nam a2200181Ia 4500
001 CTU_228041
008 210402s9999 xx 000 0 und d
082 |a 959.7043 
082 |b Ch305 
245 0 |a Chiến thắng 75 tiểu đoàn Ngụy và phá khu trù mật Vị Thanh - Hỏa Lựu 
245 0 |c Vũ Đình Liệu ... [et al.] 
260 |a Hậu Giang 
260 |b Ban chỉ đạo và tổ chức các ngày lễ lớn tỉnh Hậu Giang 
260 |c 1990 
520 |a Nội dung sách giới thiệu các bài viết của các cựu chiến binh, lão thành cách mạng về Chiến thắng 75 tiểu đoàn Ngụy và phá khu trù mật Vị Thanh - Hỏa Lựu của quân và dân Cần Thơ - Hậu Giang trong thời kì kháng chiến chống Mỹ. 
650 |a Chiến tranh Việt Nam, 1961-1975,Vietnam War, 1961-1975 
910 |b dqhieu 
980 |a Trung tâm Học liệu Trường Đại học Cần Thơ